| 000 | 00442nam a22001817a 4500 | ||
|---|---|---|---|
| 005 | 20230713110131.0 | ||
| 008 | 230713b |||||||| |||| 00| 0 eng d | ||
| 020 | _a9788131724255 | ||
| 082 |
_a650.02 _bTUR-D |
||
| 100 | _aTurban,Efraim | ||
| 245 | _aDecision Support and Business Intelligence Systems | ||
| 250 | _a8th | ||
| 260 |
_aIndia _bPearson _c2007 |
||
| 300 | _a772 | ||
| 500 | _aInclude index. | ||
| 650 | _aMisc | ||
| 999 |
_c25953 _d25953 |
||